| 000 | 00586nam a22001817a 4500 | ||
|---|---|---|---|
| 005 | 20230207084926.0 | ||
| 008 | 230207b nyu||||| |||| 00| 0 eng d | ||
| 020 | _a9780500294888 | ||
| 050 | 0 | 4 |
_aSB472.47 _bH88 2019 |
| 100 | 1 | _aHutchison, Edward. | |
| 245 | 1 | 0 |
_aDrawing for landscape architecture _b: sketch to screen to site _c/ Edward Hutchison. |
| 250 | _a1a ed. | ||
| 260 |
_aNew York : _bThames and Hudson, _c2019. |
||
| 300 |
_a256 p. : _bil. ; _c27 cm. |
||
| 650 | 7 |
_2lemb _aArquitectura del paisaje |
|
| 650 | 7 |
_2lemb _aDibujo arquitectónico _xTécnicas |
|
| 942 |
_2lcc _cLIB |
||
| 999 |
_c113682 _d113682 |
||